000 00555nam a22002057a 4500
003 MPLRDC
005 20220104193240.0
008 210129b ||||| |||| 00| 0 eng d
020 _a978-988-99854-7-9
082 _a719.393 XQY c.2
100 _a孙启元 总编辑
245 _a峇里岛
_c孙启元 摄影
250 _a初版
260 _a香港
_b郭良蕙新事业有限公司
_c2007
300 _b
490 _a旅游通EASY GO系列
520 _a上架 2017-01-19
650 _a印尼游记--峇里岛
942 _cBK
_o719.393 XQY c.2
999 _c65105
_d65095